[Event "GER-chT Lands U20"]
[Site "Wuerzburg"]
[Date "2019.10.04"]
[Round "5.7"]
[White "Heinze, Sofie"]
[Black "Bako, Evelin"]
[Result "1-0"]
[WhiteElo "1207"]
[BlackElo "1209"]
[PlyCount "75"]
[EventDate "2019.10.01"]
[EventType "team-swiss"]
[EventRounds "7"]
[EventCountry "GER"]
[SourceTitle "EXT 2020"]
[Source "ChessBase"]
[SourceDate "2019.10.17"]
[SourceVersion "1"]
[SourceVersionDate "2019.10.17"]
[SourceQuality "1"]
[WhiteTeam "Brandenburg/Berlin"]
[BlackTeam "Wuerttemberg"]
[WhiteTeamCountry "GER"]
[BlackTeamCountry "GER"]

1. d4 Nf6 2. Nf3 g6 3. g3 c5 4. d5 b5 5. b3 Bb7 6. c4 bxc4 7. bxc4 Bg7 8. Nc3 0-0 9. Bg2 d6 10. 0-0 Nfd7 11. Bb2 f5 12. Ng5 Qa5 13. Qd2 Ne5 14. Qf4 Nf7 15. Qd2 Nxg5 16. Qxg5 Bxc3 17. Bxc3 Qxc3 18. Qxe7 Ba6 19. Qxd6 Qxc4 20. Qe6+ Kg7 21. Qe5+ Kh6 22. Qe3+ f4 23. Qe7 Rc8 24. Qh4+ Kg7 25. Qe7+ Kg8 26. Qe6+ Kf8 27. Qf6+ Ke8 28. Qe6+ Kd8 29. Qf6+ Kc7 30. d6+ Kb6 31. d7+ Kc7 32. dxc8Q+ Kxc8 33. Bxa8 fxg3 34. hxg3 Qxe2 35. Rad1 Qe8 36. Rd6 Bxf1 37. Bc6 Qe1 38. Qd8# 1-0

[Event "GER-chT Lands U20"]
[Site "Wuerzburg"]
[Date "2019.10.03"]
[Round "3.9"]
[White "Heinze, Sofie"]
[Black "Bako, Isabella"]
[Result "0-1"]
[WhiteElo "1207"]
[BlackElo "1266"]
[PlyCount "104"]
[EventDate "2019.10.01"]
[EventType "team-swiss"]
[EventRounds "7"]
[EventCountry "GER"]
[SourceTitle "EXT 2020"]
[Source "ChessBase"]
[SourceDate "2019.10.17"]
[SourceVersion "1"]
[SourceVersionDate "2019.10.17"]
[SourceQuality "1"]
[WhiteTeam "Brandenburg/Berlin"]
[BlackTeam "South Team"]
[WhiteTeamCountry "GER"]
[BlackTeamCountry "GER"]

1. d4 Nf6 2. Nf3 g6 3. g3 c5 4. e3 b6 5. Bg2 Bb7 6. Nbd2 Bg7 7. c4 0-0 8. d5 e6 9. e4 exd5 10. cxd5 Re8 11. Ng5 Bh6 12. Ndf3 Bxd5 13. 0-0 Bxg5 14. Nxg5 Bb7 15. Re1 d5 16. Qc2 Nc6 17. Bf4 Nd4 18. Qd3 Bc6 19. Rad1 Bb5 20. Qb1 Ne2+ 21. Kh1 Nxf4 22. gxf4 Ng4 23. Kg1 Qf6 24. Qc1 Rad8 25. exd5 Be2 26. Rd2 Bb5 27. Rdd1 Re2 28. Rxe2 Bxe2 29. Re1 Bb5 30. Rd1 Re8 31. d6 Rd8 32. Bh3 Nh6 33. d7 Nf5 34. Ne4 Qc6 35. Qb1 Qe6 36. Ng5 Qf6 37. Ne4 Qh4 38. Bg2 Rxd7 39. Re1 Re7 40. Qc1 Re6 41. Rd1 Bc6 42. Rd8+ Qxd8 43. Ng5 Rd6 44. Qc4 Rd1+ 45. Bf1 Qd7 46. Qb3 Nh4 47. f3 Nxf3+ 48. Nxf3 Qg4+ 49. Kf2 Rd6 50. Ne5 Qxf4+ 51. Kg1 Qd4+ 52. Qe3 Qxe3# 0-1

[Event "GER-ch U10 Girls"]
[Site "Willingen"]
[Date "2017.06.04"]
[Round "1"]
[White "Roncea, Andrea Alexandra"]
[Black "Heinze, Sofie"]
[Result "1-0"]
[WhiteElo "1179"]
[BlackElo "850"]
[PlyCount "77"]
[EventDate "2017.06.04"]
[EventType "swiss"]
[EventRounds "11"]
[EventCountry "GER"]
[SourceTitle "CBM 178 Extra"]
[Source "ChessBase"]
[SourceDate "2017.06.22"]
[SourceVersion "1"]
[SourceVersionDate "2017.06.22"]
[SourceQuality "1"]

1. e4 e5 2. Nf3 Nc6 3. Bc4 Bc5 4. d3 d6 5. c3 Bb6 6. Bb3 Bg4 7. 0-0 Qf6 8. Nbd2 Nh6 9. Re1 Bd7 10. Rf1 Ng4 11. Nc4 Nh6 12. Nxb6 axb6 13. d4 Bg4 14. Be3 Bxf3 15. Qxf3 Qxf3 16. gxf3 0-0 17. Kh1 Kh8 18. Rg1 Ng8 19. Rg3 Nf6 20. Rag1 g6 21. Bh6 Rg8 22. Bxf7 Nh5 23. Bxg8 Nxg3+ 24. Rxg3 Kxg8 25. d5 Ne7 26. a3 Ra5 27. Bg5 Nc8 28. Bd8 c5 29. Bc7 Rb5 30. b4 cxb4 31. axb4 Kg7 32. Rg1 Ne7 33. Rb1 Nxd5 34. exd5 Rxd5 35. Bxb6 Rd3 36. Bc7 d5 37. Bxe5+ Kg8 38. f4 Rd2 39. Kg2 1-0